Normal view
MARC view
- Wyatt, Andrew
Entry Personal Name
001 - CONTROL NUMBER
- control field: 97512
003 - CONTROL NUMBER IDENTIFIER
- control field: NUST
005 - DATE AND TIME OF LATEST TRANSACTION
- control field: 20220816174329.0
008 - FIXED-LENGTH DATA ELEMENTS
- fixed length control field: 220816|| aca||aabn | a|a d
040 ## - CATALOGING SOURCE
- Original cataloging agency: NUST
- Transcribing agency: NUST
100 ## - HEADING--PERSONAL NAME
- Personal name: Wyatt, Andrew
670 ## - SOURCE DATA FOUND
- Source citation: Work cat.: (NUST): Wyatt, Andrew, Pro leadership : establishing your credibility, building your following, and leading with impact, 2021
